000 00560nam a2200193 i 4500
001 88243
003 ES-MaACL
005 20260525062929.0
007 t|
008 050103s1971 sp ||||1| spa d
100 1 _aLaín Entralgo, Pedro,
_d1908-2001
_969681
245 1 0 _aA qué llamamos España /
_cPedro Laín Entralgo.
260 _aMadrid :
_bEspasa-Calpe,
_c[1971]
300 _a157 p. ;
_c18 cm.
490 1 _aColección austral ;
_v1452
830 0 _aColección austral
_v1452
_9177655
852 _aES-MaACL
_jC-42059
_bR.77961
999 _c88243
_d88243